000 00385nam a22001217a 4500
008 230621b xxu||||| |||| 00| 0 eng d
082 _a328.03
_bNAZ
110 _bNational Assembly of Zambia
245 _aParliamentary Procedure Abstract Series 8
_bOffice of the clerk of the National Assembly
260 _bNational Assembly Research Department
_c1995
300 _a4p
942 _2ddc
_cBK
999 _c2035
_d2035